Hearing on H.R. 1522, to extend the authorization for the National Historic Preservation Fund, and for other purposes : hearing before the Subcommittee on National Parks and Public Lands of the Committee on Resources, House of Representatives, One Hundred Fifth Congress, first session, October 21, 1997, Washington, DC.
Saved in:
| Corporate Author: | |
|---|---|
| Format: | Book |
| Language: | English |
| Published: |
Washington :
U.S. G.P.O. : For sale by the U.S. G.P.O., Supt. of Docs., Congressional Sales Office,
1998.
|
| Subjects: | |
| Tags: |
Add Tag
No Tags, Be the first to tag this record!
|
| LEADER | 01940cam a2200337 a 4500 | ||
|---|---|---|---|
| 001 | 007773190-5 | ||
| 005 | 20020606104010.5 | ||
| 008 | 980603s1998 dcu f000 0 eng c | ||
| 010 | |a 98156792 | ||
| 020 | |a 0160562821 | ||
| 035 | 0 | |a ocm39002472 | |
| 040 | |a DGPO/DLC |c DGPO |d DLC | ||
| 043 | |a n-us--- | ||
| 050 | 0 | 0 | |a KF27 |b .R3853 1997j |
| 074 | |a 1023-A | ||
| 074 | |a 1023-B (MF) | ||
| 086 | 0 | |a Y 4.R 31/3:105-66 | |
| 088 | |a Serial no. 105-66 (United States. Congress. House. Committee on Resources) | ||
| 110 | 1 | |a United States. |b Congress. |b House. |b Committee on Resources. |b Subcommittee on National Parks and Public Lands. | |
| 245 | 1 | 0 | |a Hearing on H.R. 1522, to extend the authorization for the National Historic Preservation Fund, and for other purposes : |b hearing before the Subcommittee on National Parks and Public Lands of the Committee on Resources, House of Representatives, One Hundred Fifth Congress, first session, October 21, 1997, Washington, DC. |
| 260 | |a Washington : |b U.S. G.P.O. : |b For sale by the U.S. G.P.O., Supt. of Docs., Congressional Sales Office, |c 1998. | ||
| 300 | |a iii, 104 p. ; |c 24 cm. | ||
| 500 | |a Distributed to some depository libraries in microfiche. | ||
| 500 | |a Shipping list no.: 98-0200-P. | ||
| 500 | |a "Serial no. 105-66." | ||
| 610 | 2 | 0 | |a National Trust for Historic Preservation in the United States |x Appropriations and expenditures. |
| 650 | 0 | |a Historic preservation |x Law and legislation |z United States. | |
| 610 | 2 | 0 | |a National Historic Preservation Fund (U.S.) |
| 776 | 0 | 8 | |i Online version: |a United States. Congress. House. Committee on Resources. Subcommittee on National Parks and Public Lands. |t Hearing on H.R. 1522, to extend the authorization for the National Historic Preservation Fund, and for other purposes. |d Washington : U.S.G.P.O. : For sale by the U.S.G.P.O., Supt. of Docs., Congressional Sales Office, 1998 |w (OCoLC)654602717 |
| 988 | |a 20020608 | ||
| 906 | |0 OCLC | ||


